Statystyki dla Quiz o Ukrainie

Kliknij tutaj aby rozwiązać quiz!

Ogólne statystyki

  • Ten quiz został rozwiązany 9 576 razy
  • Średni wynik to 15 z 22

Statystyki odpowiedzi

WskazówkaOdpowiedź% Poprawnych
StolicaKijów
100%
Największe morze, nad którym leży
Ukraina
Morze Czarne
93%
Miejsce katastrofy nuklearnej
z 1986 r.
Czarnobyl
89%
Półwysep zawładnięty przez Rosję
w 2014 roku
Krym
88%
Państwo, którego Ukraina była
częścią do roku 1991
Związek Radziecki
88%
Najmniejszy (i najbiedniejszy) kraj
graniczący z Ukrainą
Mołdawia
84%
Zupa z buraków, popularna potrawa
na Ukrainie
Barszcz
80%
Dominujący odłam chrześcijaństwaPrawosławie
76%
Alfabet używany na UkrainieCyrylica
73%
Drugie najbardziej zaludnione miastoCharków
72%
Największe miasto nad tym morzemOdessa
71%
Dawny zawód obecnego prezydenta
Wołodymyra Zełenskiego
Komik
70%
Najdłuższa rzeka przepływająca
przez Ukrainę
Dniepr
65%
Pasmo górskie przebiegające przez
południowy zachód Ukrainy
Karpaty
62%
Sport, w którym bracia Wołodymyr
i Witalij Kłyczko byli mistrzami świata
Boks
58%
Ukraina jest podzielona na 24...Obwody
56%
W 1992 r. Ukraina dobrowolnie
oddała ogromny arsenał...
Broni nuklearnych
54%
Większa grupa etniczna, której
Ukraińcy są częścią
Słowianie
52%
Grupa etniczna jeźdźców konnych,
którzy niegdyś bronili granice Rosji
Kozacy
50%
Spowodował śmierć milionów ludzi
od 1932 do 1933 roku
Wielki głód /
Hołodomor
50%
Protesty, które wydarzyły się w 2004
spowodowane sfałszowaniem głosów
i zatruciem kandydata na prezydenta
{Pomarańczowa}
rewolucja
40%
W 2014 r. rosyjscy separatyści
zestrzelili samolot będący częścią
tej linii lotniczej
{Malaysia} Airlines
25%

Rozkład punktacji

Percentyl według liczby udzielonych odpowiedzi

Procent ludzi z każdym wynikiem

Twoja historia wyników

Nie rozwiązałeś tego quizu